<?xml version="1.0" encoding="UTF-8"?>
<marc:record xmlns:marc="http://www.loc.gov/MARC21/slim" type="Bibliographic">
   <marc:leader>00000pam a2200000 c 4500</marc:leader>
   <marc:controlfield tag="001">97148144X</marc:controlfield>
   <marc:controlfield tag="003">DE-101</marc:controlfield>
   <marc:controlfield tag="005">20171203163000.0</marc:controlfield>
   <marc:controlfield tag="007">tu</marc:controlfield>
   <marc:controlfield tag="008">040611s2004    gw ||||| |||| 00||||ger  </marc:controlfield>
   <marc:datafield ind1=" " ind2=" " tag="015">
      <marc:subfield code="a">04,A43,0627</marc:subfield>
      <marc:subfield code="z">04,N28,0859</marc:subfield>
      <marc:subfield code="2">dnb</marc:subfield>
   </marc:datafield>
   <marc:datafield ind1="7" ind2=" " tag="016">
      <marc:subfield code="2">DE-101</marc:subfield>
      <marc:subfield code="a">97148144X</marc:subfield>
   </marc:datafield>
   <marc:datafield ind1=" " ind2=" " tag="020">
      <marc:subfield code="a">3855028257</marc:subfield>
      <marc:subfield code="c">kart. : EUR 14.50, sfr 24.90</marc:subfield>
      <marc:subfield code="9">3-85502-825-7</marc:subfield>
   </marc:datafield>
   <marc:datafield ind1=" " ind2=" " tag="020">
      <marc:subfield code="a">9783038008194</marc:subfield>
      <marc:subfield code="c"> (2014)</marc:subfield>
      <marc:subfield code="9">978-3-03800-819-4</marc:subfield>
   </marc:datafield>
   <marc:datafield ind1="3" ind2=" " tag="024">
      <marc:subfield code="a">9783855028252</marc:subfield>
   </marc:datafield>
   <marc:datafield ind1=" " ind2=" " tag="035">
      <marc:subfield code="a">(DE-599)DNB97148144X</marc:subfield>
   </marc:datafield>
   <marc:datafield ind1=" " ind2=" " tag="035">
      <marc:subfield code="a">(OCoLC)85325549</marc:subfield>
   </marc:datafield>
   <marc:datafield ind1=" " ind2=" " tag="040">
      <marc:subfield code="a">1145</marc:subfield>
      <marc:subfield code="b">ger</marc:subfield>
      <marc:subfield code="c">DE-101</marc:subfield>
      <marc:subfield code="d">9999</marc:subfield>
   </marc:datafield>
   <marc:datafield ind1=" " ind2=" " tag="041">
      <marc:subfield code="a">ger</marc:subfield>
   </marc:datafield>
   <marc:datafield ind1=" " ind2=" " tag="044">
      <marc:subfield code="c">XA-DE</marc:subfield>
   </marc:datafield>
   <marc:datafield ind1="7" ind2="4" tag="082">
      <marc:subfield code="a">610</marc:subfield>
      <marc:subfield code="a">640</marc:subfield>
      <marc:subfield code="q">DE-101</marc:subfield>
      <marc:subfield code="2">22sdnb</marc:subfield>
   </marc:datafield>
   <marc:datafield ind1=" " ind2=" " tag="090">
      <marc:subfield code="a">b</marc:subfield>
   </marc:datafield>
   <marc:datafield ind1="1" ind2=" " tag="100">
      <marc:subfield code="0">(DE-588)123211999</marc:subfield>
      <marc:subfield code="0">http://d-nb.info/gnd/123211999</marc:subfield>
      <marc:subfield code="0">(DE-101)123211999</marc:subfield>
      <marc:subfield code="a">Bänziger, Erica</marc:subfield>
      <marc:subfield code="d">1963-</marc:subfield>
      <marc:subfield code="e">Verfasser</marc:subfield>
      <marc:subfield code="4">aut</marc:subfield>
   </marc:datafield>
   <marc:datafield ind1="0" ind2="0" tag="245">
      <marc:subfield code="a">Schlank mit der Blutgruppen-Ernährung</marc:subfield>
      <marc:subfield code="b">100 Rezepte für die häufigsten Blutgruppen 0 und A</marc:subfield>
      <marc:subfield code="c">Erica Bänziger ; Brigitte Speck</marc:subfield>
   </marc:datafield>
   <marc:datafield ind1=" " ind2=" " tag="250">
      <marc:subfield code="a">Vollst. überarb. Neuausg.</marc:subfield>
   </marc:datafield>
   <marc:datafield ind1=" " ind2=" " tag="259">
      <marc:subfield code="a">vouen</marc:subfield>
   </marc:datafield>
   <marc:datafield ind1=" " ind2="1" tag="264">
      <marc:subfield code="a">Baden</marc:subfield>
      <marc:subfield code="a">München</marc:subfield>
      <marc:subfield code="b">AT-Verl.</marc:subfield>
      <marc:subfield code="c">2004</marc:subfield>
   </marc:datafield>
   <marc:datafield ind1=" " ind2=" " tag="300">
      <marc:subfield code="a">120 S.</marc:subfield>
      <marc:subfield code="b">Ill.</marc:subfield>
      <marc:subfield code="c">22 cm</marc:subfield>
   </marc:datafield>
   <marc:datafield ind1=" " ind2=" " tag="336">
      <marc:subfield code="a">Text</marc:subfield>
      <marc:subfield code="b">txt</marc:subfield>
      <marc:subfield code="2">rdacontent</marc:subfield>
   </marc:datafield>
   <marc:datafield ind1=" " ind2=" " tag="337">
      <marc:subfield code="a">ohne Hilfsmittel zu benutzen</marc:subfield>
      <marc:subfield code="b">n</marc:subfield>
      <marc:subfield code="2">rdamedia</marc:subfield>
   </marc:datafield>
   <marc:datafield ind1=" " ind2=" " tag="338">
      <marc:subfield code="a">Band</marc:subfield>
      <marc:subfield code="b">nc</marc:subfield>
      <marc:subfield code="2">rdacarrier</marc:subfield>
   </marc:datafield>
   <marc:datafield ind1=" " ind2=" " tag="520">
      <marc:subfield code="a">Die von Dr. Peter J. D'Adamo begründete, sehr erfolgreiche Ernährungsform nach der Blutgruppe fördert das Wohlbefinden und hilft, das persönliche Wohlfühlgewicht zu erlangen und dauerhaft zu halten. Zudem beugt die blutgruppenspezifische Küche wirkungsvoll Krankheiten vor. Aus ihrer eigenen positiven Erfahrung mit dieser Ernährungsform haben die beiden Autorinnen ihre 100 besten Rezepte für die weitaus häufigsten Blutgruppen A und 0 zusammengestellt - über 90% der Menschen gehören einer dieser beiden Blutgruppen an. Es sind einfache, schmackhafte Alltagsrezepte, die in der Mehrzahl für beide Blutgruppen geeignet sind. In einer praktischen Einleitung werden die Grundsätze der Ernährung nach der Blutgruppe erläutert. Ausführliche Lebensmitteltabellen helfen, ohne großen Aufwand der Blutgruppe entsprechend einzukaufen und zu kochen. Inhaltsübersicht .Theoretische Einführung .Ernährungsempfehlungen für Blutgruppe A und O .Gewichtsregulation im Einklang mit der Blutgruppe .Einkaufstipps .Lebensmitteltabellen für Blutgruppen A und O .100 Rezepte</marc:subfield>
   </marc:datafield>
   <marc:datafield ind1=" " ind2="7" tag="650">
      <marc:subfield code="0">(DE-588)4007277-0</marc:subfield>
      <marc:subfield code="0">http://d-nb.info/gnd/4007277-0</marc:subfield>
      <marc:subfield code="0">(DE-101)040072770</marc:subfield>
      <marc:subfield code="a">Blutgruppe</marc:subfield>
      <marc:subfield code="2">gnd</marc:subfield>
   </marc:datafield>
   <marc:datafield ind1=" " ind2="7" tag="650">
      <marc:subfield code="0">(DE-588)4061321-5</marc:subfield>
      <marc:subfield code="0">http://d-nb.info/gnd/4061321-5</marc:subfield>
      <marc:subfield code="0">(DE-101)040613216</marc:subfield>
      <marc:subfield code="a">Typologie</marc:subfield>
      <marc:subfield code="2">gnd</marc:subfield>
   </marc:datafield>
   <marc:datafield ind1=" " ind2="7" tag="650">
      <marc:subfield code="0">(DE-588)4068367-9</marc:subfield>
      <marc:subfield code="0">http://d-nb.info/gnd/4068367-9</marc:subfield>
      <marc:subfield code="0">(DE-101)040683672</marc:subfield>
      <marc:subfield code="a">Abmagerungsdiät</marc:subfield>
      <marc:subfield code="2">gnd</marc:subfield>
   </marc:datafield>
   <marc:datafield ind1=" " ind2="7" tag="650">
      <marc:subfield code="0">(DE-588)4007277-0</marc:subfield>
      <marc:subfield code="0">http://d-nb.info/gnd/4007277-0</marc:subfield>
      <marc:subfield code="0">(DE-101)040072770</marc:subfield>
      <marc:subfield code="a">Blutgruppe</marc:subfield>
      <marc:subfield code="2">gnd</marc:subfield>
   </marc:datafield>
   <marc:datafield ind1=" " ind2="7" tag="650">
      <marc:subfield code="0">(DE-588)4061321-5</marc:subfield>
      <marc:subfield code="0">http://d-nb.info/gnd/4061321-5</marc:subfield>
      <marc:subfield code="0">(DE-101)040613216</marc:subfield>
      <marc:subfield code="a">Typologie</marc:subfield>
      <marc:subfield code="2">gnd</marc:subfield>
   </marc:datafield>
   <marc:datafield ind1=" " ind2="7" tag="650">
      <marc:subfield code="0">(DE-588)4068367-9</marc:subfield>
      <marc:subfield code="0">http://d-nb.info/gnd/4068367-9</marc:subfield>
      <marc:subfield code="0">(DE-101)040683672</marc:subfield>
      <marc:subfield code="a">Abmagerungsdiät</marc:subfield>
      <marc:subfield code="2">gnd</marc:subfield>
   </marc:datafield>
   <marc:datafield ind1=" " ind2=" " tag="653">
      <marc:subfield code="a">(VLB-FS)Kochen</marc:subfield>
   </marc:datafield>
   <marc:datafield ind1=" " ind2=" " tag="653">
      <marc:subfield code="a">(VLB-FS)Blutgruppenküche</marc:subfield>
   </marc:datafield>
   <marc:datafield ind1=" " ind2=" " tag="653">
      <marc:subfield code="a">(VLB-FS)Abnehmen</marc:subfield>
   </marc:datafield>
   <marc:datafield ind1=" " ind2=" " tag="653">
      <marc:subfield code="a">(VLB-PF)BC: Paperback</marc:subfield>
   </marc:datafield>
   <marc:datafield ind1=" " ind2="7" tag="655">
      <marc:subfield code="0">(DE-588)4048476-2</marc:subfield>
      <marc:subfield code="0">http://d-nb.info/gnd/4048476-2</marc:subfield>
      <marc:subfield code="0">(DE-101)040484769</marc:subfield>
      <marc:subfield code="a">Ratgeber</marc:subfield>
      <marc:subfield code="2">gnd-content</marc:subfield>
   </marc:datafield>
   <marc:datafield ind1=" " ind2="7" tag="655">
      <marc:subfield code="0">(DE-588)4114240-8</marc:subfield>
      <marc:subfield code="0">http://d-nb.info/gnd/4114240-8</marc:subfield>
      <marc:subfield code="0">(DE-101)041142403</marc:subfield>
      <marc:subfield code="a">Kochbuch</marc:subfield>
      <marc:subfield code="2">gnd-content</marc:subfield>
   </marc:datafield>
   <marc:datafield ind1=" " ind2="7" tag="655">
      <marc:subfield code="a">Ratgeber</marc:subfield>
      <marc:subfield code="2">gnd</marc:subfield>
   </marc:datafield>
   <marc:datafield ind1=" " ind2="7" tag="655">
      <marc:subfield code="a">Kochbuch</marc:subfield>
      <marc:subfield code="2">gnd</marc:subfield>
   </marc:datafield>
   <marc:datafield ind1="0" ind2="0" tag="689">
      <marc:subfield code="0">(DE-588)4007277-0</marc:subfield>
      <marc:subfield code="0">http://d-nb.info/gnd/4007277-0</marc:subfield>
      <marc:subfield code="0">(DE-101)040072770</marc:subfield>
      <marc:subfield code="D">s</marc:subfield>
      <marc:subfield code="a">Blutgruppe</marc:subfield>
   </marc:datafield>
   <marc:datafield ind1="0" ind2="1" tag="689">
      <marc:subfield code="0">(DE-588)4061321-5</marc:subfield>
      <marc:subfield code="0">http://d-nb.info/gnd/4061321-5</marc:subfield>
      <marc:subfield code="0">(DE-101)040613216</marc:subfield>
      <marc:subfield code="D">s</marc:subfield>
      <marc:subfield code="a">Typologie</marc:subfield>
   </marc:datafield>
   <marc:datafield ind1="0" ind2="2" tag="689">
      <marc:subfield code="0">(DE-588)4068367-9</marc:subfield>
      <marc:subfield code="0">http://d-nb.info/gnd/4068367-9</marc:subfield>
      <marc:subfield code="0">(DE-101)040683672</marc:subfield>
      <marc:subfield code="D">s</marc:subfield>
      <marc:subfield code="a">Abmagerungsdiät</marc:subfield>
   </marc:datafield>
   <marc:datafield ind1="0" ind2="3" tag="689">
      <marc:subfield code="A">f</marc:subfield>
      <marc:subfield code="a">Ratgeber</marc:subfield>
   </marc:datafield>
   <marc:datafield ind1="0" ind2=" " tag="689">
      <marc:subfield code="5">DE-101</marc:subfield>
      <marc:subfield code="5">DE-101</marc:subfield>
   </marc:datafield>
   <marc:datafield ind1="1" ind2="0" tag="689">
      <marc:subfield code="0">(DE-588)4007277-0</marc:subfield>
      <marc:subfield code="0">http://d-nb.info/gnd/4007277-0</marc:subfield>
      <marc:subfield code="0">(DE-101)040072770</marc:subfield>
      <marc:subfield code="D">s</marc:subfield>
      <marc:subfield code="a">Blutgruppe</marc:subfield>
   </marc:datafield>
   <marc:datafield ind1="1" ind2="1" tag="689">
      <marc:subfield code="0">(DE-588)4061321-5</marc:subfield>
      <marc:subfield code="0">http://d-nb.info/gnd/4061321-5</marc:subfield>
      <marc:subfield code="0">(DE-101)040613216</marc:subfield>
      <marc:subfield code="D">s</marc:subfield>
      <marc:subfield code="a">Typologie</marc:subfield>
   </marc:datafield>
   <marc:datafield ind1="1" ind2="2" tag="689">
      <marc:subfield code="0">(DE-588)4068367-9</marc:subfield>
      <marc:subfield code="0">http://d-nb.info/gnd/4068367-9</marc:subfield>
      <marc:subfield code="0">(DE-101)040683672</marc:subfield>
      <marc:subfield code="D">s</marc:subfield>
      <marc:subfield code="a">Abmagerungsdiät</marc:subfield>
   </marc:datafield>
   <marc:datafield ind1="1" ind2="3" tag="689">
      <marc:subfield code="A">f</marc:subfield>
      <marc:subfield code="a">Kochbuch</marc:subfield>
   </marc:datafield>
   <marc:datafield ind1="1" ind2=" " tag="689">
      <marc:subfield code="5">DE-101</marc:subfield>
      <marc:subfield code="5">DE-101</marc:subfield>
   </marc:datafield>
   <marc:datafield ind1="1" ind2=" " tag="700">
      <marc:subfield code="0">(DE-588)138110557</marc:subfield>
      <marc:subfield code="0">http://d-nb.info/gnd/138110557</marc:subfield>
      <marc:subfield code="0">(DE-101)138110557</marc:subfield>
      <marc:subfield code="a">Speck, Brigitte</marc:subfield>
      <marc:subfield code="e">Verfasser</marc:subfield>
      <marc:subfield code="4">aut</marc:subfield>
   </marc:datafield>
   <marc:datafield ind1=" " ind2=" " tag="850">
      <marc:subfield code="a">DE-101a</marc:subfield>
      <marc:subfield code="a">DE-101b</marc:subfield>
   </marc:datafield>
   <marc:datafield ind1="r" ind2=" " tag="925">
      <marc:subfield code="a">ra</marc:subfield>
   </marc:datafield>
</marc:record>
